Patna Declaration of the All India Consultation on Evangelization. (Record no. 3163)

MARC details
000 -LEADER
fixed length control field 00625nam a2200229 a 4500
020 ## - INTERNATIONAL STANDARD BOOK NUMBER
ISBN
082 00 - DEWEY DECIMAL CLASSIFICATION NUMBER
Classification number 239
Author Cutter AIC
245 ## - TITLE STATEMENT
Title Patna Declaration of the All India Consultation on Evangelization.
260 ## - PUBLICATION, DISTRIBUTION, ETC. (IMPRINT)
Place of publication Patna
Name of publisher All India Consultation on Evangelization
Year of publication 1973
300 ## - PHYSICAL DESCRIPTION
Number of Pages 14p
500 ## - GENERAL NOTE
General note includes index and biblioraphy
505 2# - FORMATTED CONTENTS NOTE
Formatted contents note Index
650 ## - SUBJECT ADDED ENTRY--TOPICAL TERM
Topical Term Evangelistic Work
942 ## - ADDED ENTRY ELEMENTS (KOHA)
Koha item type Books
Holdings
Collection code Home library Current library Date acquired Cost, normal purchase price Full call number Accession Number Koha item type
  Henry Martyn Institute Library Henry Martyn Institute Library 06/21/2007 100.00 239 AIC 07165 Books
                   Copyright © 2026 | Henry Martyn Institute | Hyderabad | TS-500052 | INDIA | Implemented by hmi.edu.in
Hit-Count:

Powered by Koha